000 00867nam a2200277 i 4500
003 DO-SdBNP
005 20260512104133.0
007 ta
008 260512b2017 dr ||||| |||| 00| 0 spa d
020 _a9789945089868
040 _aDO-SdBNP
_bspa
_cBNPHU
_erda
041 _aspa
082 4 _axxx
_bM878c
_222
100 1 _aMorrison, Mateo,
_d1947-
_eautor
_4aut.
_91469
245 1 0 _aCaminar con las palabras /
_cMateo Morrison ; corrección, Pedro Pablo Fernández
250 _aprimera edición
264 1 _aSanto Domingo :
_bEditora Impretur S.R.L.,
_c2017
300 _a345 páginas ;
_c22 cm.
336 _atexto
_btxt
_2rdacontent
337 _asin mediación
_bn
_2rdamedia
338 _avolumen
_bnc
_2rdacarrier
590 _aInventariado, 2026/BT
700 _aFernández, Pedro Pablo,
_ecorrector
_4corr.
_98492
910 _aBtavárez
942 _2ddc
_cLBS1
999 _c60717
_d60717